000 01448cam a2200337 a 4500
001 12785195
003 OSt
005 20161026120421.0
008 020522s2003 nyua b 001 0 eng
010 _a 2002072385
020 _a0471164259 (acidfree paper)
040 _aDLC
_cDLC
_dDLC
050 0 0 _aQA39.3
_b.M87 2003
082 0 0 _a510/.24372
_221
100 1 _aMusser, Gary L.
245 1 0 _aMathematics for elementary teachers :
_ba contemporary approach.
250 _a6th ed. /
_bGary L. Musser, William F. Burger, Blake E. Peterson.
260 _aNew York :
_bJ. Wiley,
_cc2003.
300 _axx, 889, 77, 1, 16 p. :
_bill. (some col.) ;
_c26 cm.
504 _aIncludes bibliographical references and index.
650 0 _aMathematics.
650 0 _aMathematics
_xStudy and teaching (Elementary)
700 1 _aBurger, William F.
700 1 _aPeterson, Blake E.
856 4 2 _3Publisher description
_uhttp://www.loc.gov/catdir/description/wiley039/2002072385.html
856 4 1 _3Table of contents only
_uhttp://www.loc.gov/catdir/toc/wiley023/2002072385.html
856 4 2 _3Contributor biographical information
_uhttp://www.loc.gov/catdir/enhancements/fy0613/2002072385-b.html
906 _a7
_bcbc
_corignew
_d1
_eocip
_f20
_gy-gencatlg
942 _2lcc
_cBOOKS
_hQA 39.2 .M87 2003
999 _c15102
_d15102